00774nam a2200193 a 450000100100000000500170001000800410002704000250006808200160009310000470010924500620015624600200021826000860023830000200032459000260034474000200037095201730039099900170056300003217820200930063509.0110713s1935 dr r 000 p spa d aDO-SdBNPbspacBNPHU axxxxbM843a1 aMoreno Jimenes, Domingo,d1894-198691953413aEl arte como religión de los hombres /cMoreno Jimenes.34aAmérica mundo aSan Pedro de Macorís, República Domincana :bEstación Radiodifusora,c1935. a40 p. ;c15 cm. aInventariado, 2019/BT02aAmérica mundo 001050718RVaPDbPDcHDd2011-07-13iLF1l0oxxxx M843ap32178-10r2020-06-25w2020-06-25y1zPerteneció a la biblioteca personal de Martínez Boog.ZNo se presta c31669d31669